Propuesta de diseño geométrico vial y estructura de pavimento articulado de 4.00 km del tramo de Carretera Susucayán – La Pimienta, Municipio de El Jícaro, Departamento de Nueva Segovia.
Presenta una propuesta de diseño geométrico vial y estructura de pavimento articulado de 4.00 km del tramo de carretera Susucayán –La Pimienta, municipio El Jícaro, departamento de Nueva Segovia.
| Main Authors: | , |
|---|---|
| Other Authors: | |
| Format: | Tesis Section = Libro |
| Language: | Undetermined Spanish |
| Published: |
Managua
UNI/RUACS
2016
|
| Subjects: |
| LEADER | 01103nam a2200253Ia 4500 | ||
|---|---|---|---|
| 008 | 240830s9999 xx 000 0 und d | ||
| 040 | |a BIBLIOTECA-RUPAP Mon 625.85 O77 | ||
| 041 | |a spa | ||
| 082 | |a Mon 625.85 O77 | ||
| 100 | 1 | |a Ortez Altamirano, Edith Yoselka | |
| 100 | 1 | |b Flores Méndez, Jhony | |
| 245 | 1 | 0 | |a Propuesta de diseño geométrico vial y estructura de pavimento articulado de 4.00 km del tramo de Carretera Susucayán – La Pimienta, Municipio de El Jícaro, Departamento de Nueva Segovia. |
| 260 | |a Managua |b UNI/RUACS |c 2016 | ||
| 300 | |a 123 p. :il. | ||
| 500 | |a Contiene: anexos y CD. | ||
| 502 | |a Tesis (Ingeniero Civil)- UNI, 2016. | ||
| 520 | 3 | |a Presenta una propuesta de diseño geométrico vial y estructura de pavimento articulado de 4.00 km del tramo de carretera Susucayán –La Pimienta, municipio El Jícaro, departamento de Nueva Segovia. | |
| 650 | 7 | |a PAVIMENTOS | |
| 650 | 7 | |b PAVIMENTOS ARTICULADO | |
| 650 | 7 | |c CARRETERAS-MANTENIMIENTO Y REPARACION. | |
| 700 | 1 | |a Tutor: |b Vilches Pérez, Henry Javier | |
| 942 | |c BK |2 ddc | ||
| 991 | |a TESIS | ||
| 999 | |c 16123 | ||